000 01241nam a22002777a 4500
999 _c7284
_d7284
003 AR-CdUCM
008 190320b ||||| |||| 00| 0 spa d
040 _aMUNICIPALIDAD PROVINCIAL DEL CUSCO
_cBIBLIOTECA MUNICIPAL DEL CUSCO
082 _a507 /
_bL59
110 _aEducación Santillana
_920532
245 _aLibro de Consulta :
_bEducación Básica Regular /
260 _aMadrid :
_bSantillana,
_bTalleres graficos Mateu Cromo,
_c1977.
300 _a6 tomos ;
_bIlustraciones, graficos, dibujos,
_c25 cm.
440 _aCiencias Naturales
_n3
_920533
500 _aCiencias naturales
505 _aContenido: t.3 Materia -- fuerza y peso -- trabajo y energia -- la tierra -- t.4 cambios de materia -- electrica -- camvio de posicion -- sistema solar -- corteza de la tierra -- t.5 la materia -- planeta tierra -- recursos naturales -- biomas y ecosistemas -- t.6 medida -- calorico -- magneticidad -- movimiento
650 _aCiencias naturales
_910176
650 _aEducación
_9460
650 _aBasica Regular
_920534
650 _aManual
_97438
700 _aFerreyro Huertas, Ramón
_920535
700 _aDiaz Rodriguez, Carlos Manuel
_920536
700 _aZamora Jimeno, Carlos
_920537
942 _2ddc
_cLIBROS
945 _apjha